Essential orthopaedics (Record no. 31376)

MARC details
000 -LEADER
fixed length control field 00830nam a2200229 a 4500
008 - FIXED-LENGTH DATA ELEMENTS--GENERAL INFORMATION
fixed length control field 170328s2010 ||||||||||||||||| || u
010 ## - LIBRARY OF CONGRESS CONTROL NUMBER
LC control number 2008034181
020 ## - INTERNATIONAL STANDARD BOOK NUMBER
International Standard Book Number 9781416054733
020 ## - INTERNATIONAL STANDARD BOOK NUMBER
International Standard Book Number 1416054731
050 ## - LIBRARY OF CONGRESS CALL NUMBER
Classification number RD 731 Mil
100 ## - MAIN ENTRY--PERSONAL NAME
Personal name Miller, Mark D
245 10 - TITLE STATEMENT
Title Essential orthopaedics
Statement of responsibility, etc. [edited by] Mark D. Miller, Jennifer A. Hart, John M. MacKnight.
260 ## - PUBLICATION, DISTRIBUTION, ETC.
Place of publication, distribution, etc. Philadelphia, PA
Name of publisher, distributor, etc. Saunders Elsevier
Date of publication, distribution, etc. 2010
300 ## - PHYSICAL DESCRIPTION
Extent xxii, 968 p. : ill.
350 ## -
-- 170.00
500 ## - GENERAL NOTE
General note Includes CD-ROM available in Cybrary
650 #0 - SUBJECT ADDED ENTRY--TOPICAL TERM
Topical term or geographic name entry element ORTHOPEDICS
700 ## - ADDED ENTRY--PERSONAL NAME
Personal name Hart, Jennifer A
700 ## - ADDED ENTRY--PERSONAL NAME
Personal name MacKnight, John M
995 ## -
-- MEDICAL LIBRARY OPEN ACCESS
-- 903856
-- CBU-SCHOOL OF MEDICINE LIBRARY (Ndola)
-- 170.00
-- RD 731 Mil
-- 1
-- AVAILABLE
-- Mar 27, 2017
-- 903856
-- Medical Library Open Access Collection
999 ## -
-- 31376
-- 31376
Holdings
Withdrawn status Lost status Source of classification or shelving scheme Damaged status Not for loan Permanent Location Current Location Shelving location Date acquired Total Checkouts Full call number Barcode Date last seen Price effective from Koha item type
          CBU-SCHOOL OF MEDICINE LIBRARY, NDOLA. CBU-SCHOOL OF MEDICINE LIBRARY, NDOLA.   11/30/2022   RD 731 Mil 903856 11/30/2022 11/30/2022 MONOGRAPH